| 000 | 00591nam a2200217Ia 4500 | ||
|---|---|---|---|
| 005 | 20260429112051.0 | ||
| 008 | 260429s9999||||xx |||||||||||||| ||und|| | ||
| 020 | _a9781681170848 | ||
| 041 | _aEnglish | ||
| 082 |
_a615.321 _bKAR |
||
| 100 | _aKarwande, Vivek | ||
| 245 | 0 |
_aPhytochemicals of nutraceutical importance / _cVivek Karwande |
|
| 250 | _a1st ed. | ||
| 260 |
_aNew York : _bScitus Academics, _c2016. |
||
| 300 | _avi, 273 p.; hb | ||
| 650 | _a Nutraceuticals | ||
| 650 | _a Plant biochemistry | ||
| 650 | _aPhytochemicals | ||
| 700 | _a Borade, Ravindra | ||
| 942 | _cTB | ||
| 999 |
_c52180 _d52180 |
||